1323 1880 1870 1696 1445 1929 1356 1767 1452 1436 1414 1727 1030 1667 1155 1194 1348 1159 1606 1566 1543 1846 1178 1394 1185 1787 1236 1178 1761 1919 1925 1393 1187 1490 1408 1844 1551 1851 1303 1361 1074 1088 1661 1577 1111 1337 1610 1308 1282 1590 1855 1641 1124 1135 1736 1916 1643 1121 1270 1726 1194 1418 1792 1600 1524 1765 1624 1784 1898 1175 1414 1444 1095 1362 1263 1748 1149 1260 1892 1015 1050 1794 1186 1422 1496 1718 1689 1968 1728 1149 1417 1447 1062 1508 1569 1369 1304 1294 1740 BCNSPRNW ULIB Ver.6.0+V

เปลี่ยนเป็นภาษาไทย

Change to English
 แสดงรายละเอียดบรรณานุกรม
  กลับหน้าหลัก

Brief Record : Get Marc (ISO 2709) : E-mail record : QR code < ปิดหน้าต่าง
LEADER : 00000nam 2200000uu 4500
001    13399112346
003     ULIB
008    110805s2550||||th 000 0 tha d
020    9789747670691
040    brv
050  4 HF5549.5^bอ632C 2550
100 0  อาภรณ์ ภู่วิทยพันธุ์
245 10 Competency based interview questions :^bชุดตัวอย่างคำถามเพื่อการสัมภาษณ์คัดเลือกบุคลากร /^cผู้เขียน, อาภรณ์ ภู่วิทยพันธุ์ ; บรรณาธิการ, อัจฉรา เดชมณี
246 30 ชุดตัวอย่างคำถามเพื่อการสัมภาษณ์คัดเลือกบุคลากร
250    พิมพ์ครั้งที่ 1
260    กรุงเทพฯ :^bเอช อาร์ เซ็นเตอร์,^c2550
300    237 หน้า :^bภาพประกอบ ;^c24 ซม.
650  4 สัมภาษณ์
650  4 การสัมภาษณ์^xคำถามและคำตอบ
650  4 การสมัครงาน
650  4 การสรรหาบุคลากร
700 0  อัจฉรา เดชมณี,^eบรรณาธิการ
945    ^p250^l0^i0231158
995    ทศพร
999 ^a ทศพร
รายการนี้ยังไม่มีแท็ก
คุณยังไม่ได้ล็อกอิน คุณสามารถมีกิจกรรมร่วมกับเว็บไซต์ได้ แต่ต้องล็อกอินก่อน ::
  ล็อกอิน

รายการสื่อสารสนเทศ

ลำดับที่ ประเภท เลขเรียก/บาร์โค้ด สถานที่ สถานะ
- ไม่พบข้อมูล -

รายการใกล้เคียง
    ผู้แต่ง [อาภรณ์ ภู่วิทยพันธุ์]

    หัวเรื่อง [สัมภาษณ์]
    หัวเรื่อง [การสรรหาบุคลากร]

BibComment


ยังไม่เคยถูกคอมเมนท์

คอมเมนท์ทรัพยากรรายการนี้
  คอมเมนท์: Competency based ..


 Copyright 2026. Bcnsprnw @Library